Antifungálna aktivita novosyntetizovaných 1,4-dihydropyridínových derivátov
Na minha lista:
| Autor principal: | |
|---|---|
| Outros Autores: | |
| Formato: | Manuscrito Livro |
| Idioma: | eslovaco |
| Publicado em: |
2015
|
| Assuntos: | |
| Acesso em linha: | http://is.stuba.sk/zp/portal_zp.pl?podrobnosti=92767 |
| Tags: |
Sem tags, seja o primeiro a adicionar uma tag!
|
MARC
| LEADER | 00000ntm a22000003a 4500 | ||
|---|---|---|---|
| 001 | stuzp53089 | ||
| 003 | SK-STU | ||
| 005 | 20160719154357.6 | ||
| 007 | ta | ||
| 008 | 150427s2015----xo-----f-mn---000-0-slo-d | ||
| 040 | |a STU |b slo | ||
| 041 | 0 | |a slo | |
| 100 | 1 | |a Pfeiferová, Barbora |u 043260 |4 aut |U FCHPT Ústav biochémie, výživy a ochrany zdravia |T FCHPT Oddelenie biochémie a mikrobiológie |X 58209 |U C3260 |Y 113 |7 58209 | |
| 242 | 0 | 1 | |a Antifungal activity of newly synthesized 1,4-dihydropyridine derivatives |y eng |
| 245 | 1 | 0 | |a Antifungálna aktivita novosyntetizovaných 1,4-dihydropyridínových derivátov |
| 260 | |c 2015 | ||
| 650 | 4 | |a kvasinky |2 slo | |
| 650 | 4 | |a antifungálne látky |2 slo | |
| 650 | 4 | |a ABC transportéry |2 slo | |
| 650 | 4 | |a 1,4-dihydropyridíny |2 slo | |
| 650 | 4 | |a yeasts |2 eng | |
| 650 | 4 | |a antifungal substances |2 eng | |
| 650 | 4 | |a ABC transporters |2 eng | |
| 650 | 4 | |a 1,4-dihydropyridines |2 eng | |
| 700 | 1 | |a Olejníková, Petra |4 ths |X 3976 |7 A000003976 | |
| 856 | 4 | |u http://is.stuba.sk/zp/portal_zp.pl?podrobnosti=92767 | |
| SQL | |a stuzp53089 |b DBP |c SLO |d Antifungálna aktivita novosyntetizovaných 1,4-dihydropyridínových derivátov |e 58209 |f Pfeiferová, Barbora |g 043260 |h 3976 |i Olejníková, Petra |j 20150715 |k 752 |l 04 |m http://is.stuba.sk/zp/portal_zp.pl?podrobnosti=92767 |n B-BIOPOT |o 5.2.25. biotechnológie | ||